zpět

Detail výsledku týmu

Hasičárna Novesta, Zlín

Datum a čas kvízu

25.5 Celkem bodů Celkový počet nahraných bodů na tomto kvízu bez doplňovacích otázek.
18. Pořadí na kvízu Konečné umístění týmu na tomto kvízu.

Zaznamenané odpovědi

# Otázka Odpověď Body Výsledky
1. Ve středu přidala vláda na čes... Voice of Europe (Hlas Evropy) 1
2. Jak se jmenuje nezávislý kandi... Robert Francis Kennedy Jr. 0
3. Na Velký pátek se to v O<sub>2... Judas Priest 1
4. V pondělí oznámila síň Heritag... D) rám dveří, na němž se Rose zachránila 1
5. Kteří dva olympijští vítězové... Pavel Patera, David Moravec 0.5
6. Věříme, že ovládáte velkou pal... Řecko 0
7. Zhruba 56 tisíc lidí obývá ost... Grónsko 1
8. Vyberte zemi, jejíž zkratka ná... C 1
9. Řeka Dunaj díky své délce prot... 1B 2C 3D 4A 1
10. Na snímku z letiště můžete spa... Dublin 1